[Event "GCT Saint Louis Blitz 2018"]
[Site "Saint Louis"]
[Date "2018.08.14"]
[Round "9"]
[White "Dominguez Perez, Leinier"]
[Black "Caruana, Fabiano"]
[Result "0-1"]
[WhiteElo "2709"]
[BlackElo "2785"]
[Annotator "TA"]
[PlyCount "151"]
[EventDate "2018.08.14"]
[EventType "tourn"]
[EventCountry "USA"]
[SourceTitle "playchess.com"]
[Source "ChessBase"]
[SourceQuality "1"]

{[%evp 26,151,35,26,72,61,87,88,72,47,31,41,78,88,89,65,69,70,85,104,105,105,104,95,100,102,153,109,145,84,126,56,80,66,208,205,201,212,291,278,511,448,560,382,517,237,517,410,397,251,238,152,196,145,281,202,222,222,278,186,251,241,261,239,350,337,306,199,196,180,167,39,39,40,110,89,100,39,95,0,0,-7,-7,-7,-7,-61,-61,-59,-59,-85,-31,-58,-20,-20,-21,-29,-18,-276,-275,-260,-250,-233,-196,-283,-279,-29980,-269,-254,-202,-372,-350,-370,-354,-554,-554,-541,-456,-395,-250,-387,-254,-379,-379,-372,-345,-304,-264,-321]} 1. d4 Nf6 2. Nf3 e6 3. c4 d5 4. g3 Bb4+ 5. Bd2 Be7 6. Bg2 O-O 7. O-O Nbd7 8. Qc2 c6 9. Rd1 b6 10. Bf4 Bb7 11. Ne5 Rc8 12. Nc3 Nh5 {E08: Closed Catalan: Main Line: 7 Qc2} 13. Bc1 (13. Bd2 f5 14. Qa4 Nxe5 15. dxe5 a6 16. cxd5 cxd5 17. e3 b5 18. Qb3 g6 19. Ne2 Bc6 20. Nd4 {1-0 (42) Inarkiev,E (2709)-Riazantsev,A (2671) Doha 2016}) 13... Nhf6 14. e4 {LiveBook: 27 Games} Bb4 {White has an edge.} 15. Bg5 Qc7 16. Nxd7 Nxd7 $146 ({Predecessor:} 16... Qxd7 17. Bxf6 gxf6 18. Qa4 Bxc3 19. bxc3 {½-½ (62) Utiatskaja,I (2174)-Dimitrova,A (2128) Loo 2016}) 17. a3 Bxc3 $1 18. Qxc3 dxc4 19. Bf4 Qd8 20. Bd6 $36 {[%mdl 2048] White has some pressure.} Re8 21. Qxc4 c5 22. dxc5 Nxc5 23. Bxc5 Qc7 24. b4 bxc5 25. Rac1 Qe5 (25... Red8 $142) 26. bxc5 Rc7 27. Rd2 (27. f4 $142 Qb2 28. Qb4) 27... Rec8 28. Rdc2 ({White should try} 28. f4 $16 Qh5 29. Qd4) 28... h6 29. Qb4 Ba6 (29... Bc6 $14) 30. f4 $18 Qh5 31. e5 $1 Qg6 32. Be4 Qg4 $2 (32... f5) 33. c6 h5 34. Qc3 Bb5 35. Qf3 (35. Qa5 $142) 35... Qh3 $2 (35... Qxf3 {keeps fighting.} 36. Bxf3 Kf8) 36. Rc5 a6 37. Qf2 h4 38. Qg2 ({Resist} 38. gxh4 $6 Qxa3 39. Kh1 Rd8 $14) 38... Qg4 39. Qf3 (39. R5c2 $18) 39... Qh3 (39... Qxf3 $16 40. Bxf3 hxg3 41. hxg3 Kf8) 40. Qf2 hxg3 41. hxg3 ({Much less strong is} 41. Qxg3 $6 Qh5) 41... Rd8 42. Bg2 Qf5 (42... Qg4 {was necessary.}) 43. R5c3 g5 44. Qe3 Kg7 (44... Qg4 $142 45. fxg5 Rd1+ 46. Kf2 (46. Rxd1 Qxd1+ 47. Kf2 Rxc6 $11) 46... Qf5+ 47. Qf4 Rd2+ 48. Kg1 Qxf4 49. gxf4 Rd4) 45. fxg5 Qg4 46. Qf4 Qxf4 47. gxf4 Rd4 48. R3c2 (48. Kf2 $18) 48... Rxf4 $14 49. Rd2 Rg4 (49... Ra4 $14) 50. Kf2 $1 $16 Rxg5 51. Rc5 (51. Rd4 $1 $16) 51... Kf8 ({Better is} 51... Rg4 $14) 52. Be4 (52. Rd4 $16) 52... f6 $11 53. Ke3 fxe5 54. Rh2 Ke7 55. Rh7+ (55. Rcc2 $11 Rg7 56. Rb2) 55... Kd6 $15 56. Rxc7 Kxc7 {[%mdl 4096] Endgame KRB-KRB} 57. Kf3 Rh5 ({Black should play} 57... Rg1 $17) 58. Kg4 Rh2 59. Rxe5 Kd6 60. c7 $1 {[%cal Rc7c8]} Kxc7 61. Kf4 $2 {[%mdl 8192]} (61. Rxe6 $11 {and White is okay.} Ra2 62. Kf4) 61... Kd6 $19 62. Rg5 Rh4+ 63. Ke3 Rh3+ 64. Kd4 (64. Kd2 $142) 64... Rxa3 65. Rh5 $2 {[#]} (65. Bc2 $19) 65... Ra4+ $2 (65... e5+ $1 {mates} 66. Rxe5 Ra4+ 67. Kc3 Kxe5 68. Bc2 Rg4 69. Bd1 Rg1 70. Bb3 a5 71. Bf7 Rg3+ 72. Kc2 Kd4 73. Bh5 Rg2+ 74. Kd1 Kc3 75. Ke1 a4 76. Bf3 Rg1+ 77. Kf2 Rf1+ 78. Kg3 Rxf3+ $1 {[%mdl 512]} 79. Kxf3 a3 80. Kf4 a2 81. Kg5 a1=Q 82. Kg6 Qa6+ 83. Kf5 Kd4 84. Kg5 Ke4 85. Kg4 Qg6+ 86. Kh3 Kf3 87. Kh4 Qh6#) 66. Ke3 e5 67. Rh6+ $2 (67. Rh8) 67... Kc5 68. Re6 Ra3+ 69. Kd2 (69. Kf2 $142 Kd4 70. Bb7) 69... Kd4 70. Bc2 Bc4 71. Rd6+ Kc5 72. Rd8 (72. Rg6 {was forced.}) 72... Rh3 73. Rc8+ (73. Bf5 $142 Rh5 74. Bg4) 73... Kd4 {Threatens to win with ...Rh2+.} 74. Rd8+ {[#]} Bd5 $1 75. Bf5 Rh2+ 76. Kc1 {Precision: White = 37%, Black = 33%.} 0-1

[Event "GCT Saint Louis Blitz 2018"]
[Site "Saint Louis"]
[Date "2018.08.14"]
[Round "10"]
[White "Vachier-Lagrave, Maxime"]
[Black "Anand, Viswanathan"]
[Result "1/2-1/2"]
[WhiteElo "2878"]
[BlackElo "2812"]
[Annotator "TA"]
[PlyCount "54"]
[EventDate "2018.08.14"]
[EventType "tourn"]
[EventCountry "USA"]
[SourceTitle "playchess.com"]
[Source "ChessBase"]
[SourceQuality "1"]

{[%evp 23,54,1,18,0,0,2,17,2,8,5,18,7,21,-2,14,14,29,0,0,-26,-22,-12,-17,-64,-70,-72,-56,-65,0,-77,0,-75,0]} 1. e4 e5 2. Nf3 Nf6 {[%cal Bg8f6,Bf6e4,Be4d6][%mdl 32]} 3. Nxe5 d6 4. Nf3 Nxe4 5. d4 d5 6. Bd3 Bf5 7. O-O Be7 8. Re1 O-O 9. Nbd2 {C42: Petroff Defence: 3 Nxe5 and unusual White 3rd moves} Nd6 10. Nf1 Bxd3 11. Qxd3 c6 12. Ng3 Na6 {[%cal Bb8a6,Ba6c7,Bc7e6,Be6g7][%mdl 32] LiveBook: 3 Games} 13. Nf5 $146 ({Predecessor:} 13. Ne5 Nc7 14. Nh5 f6 15. Ng4 Ne4 16. f3 Ng5 17. Bxg5 fxg5 {1-0 (30) Salem,A (2642)-Yu,Y (2760) chess.com INT 2018}) 13... Nxf5 14. Qxf5 Nc7 15. c3 Ne6 16. Ne5 Bd6 17. Bd2 Qc7 18. Re3 Rae8 19. Rae1 g6 20. Qg4 Ng7 21. Qh3 {[#] And now Nd7 would win.} f6 $36 {[%mdl 2048] Black fights for an advantage.} 22. Ng4 Rxe3 23. Bxe3 ({Much worse is} 23. Qxe3 h5 $17) 23... h5 $1 {[%cal Rh5g4]} 24. Nh6+ Kh7 25. Ng4 $1 Kg8 26. Nh6+ Kh7 27. Ng4 $1 Kg8 {Precision: White = 46%, Black = 42%.} ({Better is} 27... Kh8 $17) 1/2-1/2

[Event "GCT Saint Louis Blitz 2018"]
[Site "Saint Louis"]
[Date "2018.08.14"]
[Round "10"]
[White "Aronian, Levon"]
[Black "Dominguez Perez, Leinier"]
[Result "1-0"]
[WhiteElo "2871"]
[BlackElo "2687"]
[Annotator "TA"]
[PlyCount "63"]
[EventDate "2018.08.14"]
[EventType "tourn"]
[EventCountry "USA"]
[SourceTitle "playchess.com"]
[Source "ChessBase"]
[SourceQuality "1"]

{[%evp 29,63,0,0,7,18,-24,-29,-47,-24,-33,-25,-25,-20,-20,-23,-23,-23,-8,-16,-15,-15,-14,2,0,12,14,16,20,16,16,21,8,165,163,160,147]} 1. e4 c5 2. Nf3 d6 3. d4 cxd4 4. Nxd4 Nf6 5. Nc3 a6 6. f3 e5 7. Nb3 Be6 8. Be3 h5 9. Qd2 Nbd7 10. O-O-O Be7 11. Nd5 {B90: Sicilian Najdorf: Unusual White 6th moves, 6 Be3 Ng4 and 6 Be3 e5} (11. Kb1 Rc8 12. a3 b5 13. Bg5 Qc7 14. h4 Nb6 15. Bxf6 gxf6 16. Na5 Rg8 17. g4 hxg4 18. fxg4 Rxg4 19. h5 Rg8 {1-0 (27) Demchenko,A (2645)-Areshchenko,A (2652) Tbilisi 2017}) 11... Nxd5 12. exd5 Bf5 13. Bd3 Bxd3 14. Qxd3 Bg5 15. Kb1 Bxe3 {LiveBook: 4 Games} 16. Qxe3 Rc8 17. h4 $146 ({Predecessor:} 17. f4 O-O {½-½ (40) Pajak,J (2213)-Mirkowski,P (2345) ICCF email 2016}) 17... Nf6 18. Qd3 Qc7 19. Nd2 b5 20. Rhe1 O-O 21. Nf1 Qc4 22. Ne3 Qxd3 23. Rxd3 g6 24. Ra3 Ra8 25. Ra5 Rfc8 26. c3 Nd7 27. a4 bxa4 28. Rxa4 Nb6 29. Ra5 f5 30. g3 Nc4 $2 {[#]} (30... Rf8 $11 {and Black has nothing to worry.}) 31. Nxc4 $18 Rxc4 32. Kc2 {Precision: White = 64%, Black = 60%.} 1-0

[Event "GCT Saint Louis Blitz 2018"]
[Site "Saint Louis"]
[Date "2018.08.14"]
[Round "10"]
[White "Mamedyarov, Shakhriyar"]
[Black "Grischuk, Alexander"]
[Result "1/2-1/2"]
[WhiteElo "2795"]
[BlackElo "2831"]
[Annotator "TA"]
[PlyCount "99"]
[EventDate "2018.08.14"]
[EventType "tourn"]
[EventCountry "USA"]
[SourceTitle "playchess.com"]
[Source "ChessBase"]
[SourceQuality "1"]

{[%evp 13,99,2,3,-2,0,-45,-9,-46,0,-2,0,-40,-39,-38,-35,-41,-52,-37,-24,-21,-19,-31,-37,-118,-127,-131,-75,-100,-96,-89,-89,-95,-86,-118,37,37,37,31,52,60,66,48,40,41,84,84,84,84,84,86,81,45,71,40,41,44,79,37,45,24,27,28,33,8,8,8,14,0,8,0,2,0,0,0,8,0,0,-17,-11,-33,-33,-41,0,0,0,0,0,0]} 1. d4 Nf6 2. c4 g6 3. g3 c6 4. Bg2 d5 5. Qa4 Bg7 (5... dxc4 6. Qxc4 Bg7 7. Nf3 O-O 8. O-O Bf5 9. Nc3 Nbd7 10. Qb4 Nb6 11. Qb3 a5 12. Re1 Ne4 13. Nh4 Be6 14. Qc2 Nd6 15. Nf3 Nb5 16. Rd1 Rc8 17. h3 Qd7 18. Kh2 Rfd8 19. Bf4 Qe8 20. e3 Nd5 21. Na4 Nxf4 22. gxf4 Bf5 23. Qb3 Be6 24. Qc2 Bf5 25. Qb3 Be6 26. Qc2 {½-½ (26) Mamedyarov,S (2800)-Grischuk,A (2761) Paris 2017}) 6. cxd5 {D71: Grünfeldindisch (Fianchetto)} Nxd5 7. Nf3 Bg4 {LiveBook: 6 Partien} 8. Qd1 $146 ({Vorgänger:} 8. Nbd2 Nb6 9. Qa3 Na6 10. h3 Be6 11. e3 O-O 12. O-O c5 13. dxc5 {1-0 (115) Rapport,R (2675)-Li,C (2744) Tbilisi 2017}) 8... Nb6 9. e3 O-O (9... e5 $5 10. h3 Bxf3 11. Qxf3 exd4 12. Qe4+ Qe7 13. Qxe7+ Kxe7 14. exd4 Bxd4 $15) 10. O-O Qc8 (10... e5 $5 11. Nc3 Re8 $15) 11. Nc3 Na6 12. Qe2 Rd8 $36 {[%mdl 2048] Schwarz steht aktiver.} 13. Rd1 c5 14. d5 Bxc3 15. bxc3 Rxd5 16. Rxd5 Nxd5 17. e4 $1 {[%cal Re4d5]} Qe6 ({Doch nicht} 17... Nxc3 $6 18. Qc4 $16) 18. h3 (18. Qd3 $15 Nb6 19. Ng5) 18... Nxc3 $17 19. Qb2 Bxf3 (19... Na4 $142 20. Qxb7 Rb8) 20. Bxf3 Qf6 21. Kg2 {Und e5 würde nun gewinnen.} Rd8 {Droht ...Td3 und aus.} 22. Qxb7 Nb4 23. Qc7 {[#]} Rf8 $2 (23... Qd6 $1 $17 {[%cal Rd6c7]} 24. Qxd6 Rxd6) 24. e5 $14 Qb6 25. Qxe7 Nc6 26. Qf6 {jetzt Lh6 und aus.} Nd4 {Schwarz will ...Dxf6 spielen.} 27. Bh6 {[%csl Gh6][%cal Rf6g7] [#]} Qxf6 28. exf6 Re8 29. Rc1 Nxa2 30. Rxc5 Nxf3 31. Kxf3 $16 {[%mdl 4096] Endspiel Ld2 ist eine echte Drohung. KTL-KTS} Nb4 32. Kg2 Nd3 33. Rd5 Nb4 34. Ra5 Ra8 35. h4 a6 36. h5 Nc6 37. Rc5 Nd4 38. hxg6 hxg6 39. Ra5 Nc6 40. Rd5 (40. Ra4 {is more complex.} Nd8 41. Kh3 a5 42. Bd2 Nb7 43. g4) 40... Nd8 41. Bd2 Ne6 42. Ba5 g5 43. Kf3 Kh7 44. Ke4 Kg6 45. Bc3 Rc8 46. Kd3 Rc5 47. Rd6 Rf5 48. Ke2 {Die Stellung ist ausgeglichen.} a5 49. Ra6 Rc5 50. Bxa5 {Precision: Weiß = 38%, Schwarz = 60%.} 1/2-1/2

[Event "GCT Saint Louis Blitz 2018"]
[Site "Saint Louis"]
[Date "2018.08.14"]
[Round "10"]
[White "Caruana, Fabiano"]
[Black "So, Wesley"]
[Result "1/2-1/2"]
[WhiteElo "2709"]
[BlackElo "2800"]
[Annotator "TA"]
[PlyCount "148"]
[EventDate "2018.08.14"]
[EventType "tourn"]
[EventCountry "USA"]
[SourceTitle "playchess.com"]
[Source "ChessBase"]
[SourceQuality "1"]

{[%evp 20,148,0,0,26,18,33,43,31,39,22,25,24,35,53,47,60,60,60,58,49,33,67,66,81,79,78,81,91,91,87,69,67,69,82,72,62,39,39,39,41,43,62,20,21,0,0,0,0,0,0,5,35,0,0,0,120,123,121,125,271,254,248,220,214,226,255,191,191,191,191,191,191,190,191,183,173,151,333,191,183,147,153,141,182,114,114,114,114,114,114,114,114,114,114,114,219,195,200,114,121,114,114,114,406,411,376,318,311,310,270,114,218,114,114,114,114,0,114,114,136,209,197,178,198,0,0,0,0,0,0]} 1. d4 Nf6 2. c4 e6 3. Nc3 Bb4 4. e3 O-O 5. Nge2 Re8 6. a3 Bf8 7. d5 d6 {E46: Nimzo-Indian: Rubinstein: 4 e3 0-0 5 Ne2 without early Bd3} 8. g3 exd5 9. cxd5 c5 10. Bg2 Nbd7 {[%cal Bb8d7,Bd7c5,Bc5d3][%mdl 32]} 11. O-O {LiveBook: 4 Games} c4 $146 ({Predecessor:} 11... g6 12. b4 a6 13. b5 Ne5 14. e4 Bg7 15. Rb1 {1-0 (46) Bocharov,D (2600)-Alekseev,E (2677) Tyumen 2012}) 12. Nd4 Nc5 13. Qe2 Nd3 14. b3 Nxc1 15. Rfxc1 cxb3 16. Rab1 Nd7 17. Nxb3 b6 18. Nd4 $36 {[%mdl 2048] White has good play.} Nc5 19. Nc6 Qf6 20. Nb5 {Threatens to win with Nc7.} Ba6 21. h4 g6 22. Qc2 Bxb5 23. Rxb5 h5 24. a4 Bg7 25. a5 bxa5 26. Rxa5 a6 27. Rb1 Qc3 28. Qxc3 Bxc3 29. Ra3 Bf6 30. Bf1 Ne4 31. Rb7 a5 32. Nxa5 (32. Rb5 {is interesting.} a4 33. Bg2 Nc5 34. Bf3 Kg7 35. Kg2) 32... Bc3 33. Nc4 Rxa3 34. Nxa3 Ra8 $1 {[%cal Ra8a3]} 35. Nc4 Ra2 36. Bd3 Nxf2 37. Bb1 Ra4 (37... Nh3+ $11 {remains equal.} 38. Kh1 Re2) 38. Nxd6 $16 ({Inferior is} 38. Kxf2 Rxc4 39. Bd3 Ra4 $15) 38... Ng4 39. Nxf7 {Black must now prevent d6.} Ne5 (39... Ra1 $16 40. Kg2 Rxb1 41. Nh6+ (41. Rxb1 Kxf7 42. Kf3 Ne5+ 43. Kf4 Nd3+ 44. Ke4 Nc5+ 45. Kf4 Nd3+ 46. Ke4 Nc5+ 47. Kf3 Nd7 $16) 41... Nxh6 42. Rxb1 Nf5) 40. Nxe5 $18 Bxe5 41. Bxg6 Bxg3 {[%mdl 4096] Endgame KRB-KRB} 42. Kg2 Be5 {intending ...Rg4+.} 43. Bxh5 {Strongly threatening Re7.} Rxh4 44. Bf7+ Kg7 45. Be6+ Kf6 46. Rf7+ Kg6 47. Kf3 Bd6 48. Rd7 Bc5 $2 (48... Bb4 $16 49. e4 Kf6 50. Rf7+ Ke5) 49. Rc7 (49. e4 $142) 49... Bb4 50. Bg4 {Hoping for d6!} Kf6 51. e4 Bd6 52. Rd7 (52. Rc8 $1 $18) 52... Ke5 $16 53. Rd8 {aiming for Re8+.} Rh7 54. Bf5 Ra7 55. Kg4 Rg7+ 56. Kh5 $1 Rg1 57. Re8+ Kd4 (57... Kf4 $16 58. Kh6 Be5) 58. Re6 $18 Kc5 59. Kh6 (59. Bg6 $1 $18) 59... Bf4+ 60. Kh7 Bd6 61. Bg6 Rg5 $2 {[%mdl 8192]} (61... Rb1 $16 62. Kg7 Rb7+ 63. Kf6 Rb6) 62. Kg7 Rg1 63. Kf7 Rf1+ 64. Bf5 $1 Ra1 {[#]} 65. Re8 (65. Kf6 $1 $18 {is the precise move to win.}) 65... Kd4 (65... Ra6 $16 66. Bd7 Bh2) 66. Rc8 ({White should try} 66. Kf6 $18) 66... Ra6 67. Rc2 Ke5 68. Rc8 ({Better is} 68. Rh2 $16) 68... Ra7+ (68... Kd4 $1 $11) 69. Kg6 $16 Ra6 70. Re8+ Kd4 71. Re6 Kc5 {[#]} 72. e5 $2 (72. Kf6 $1 $18) 72... Kxd5 $11 {The position is equal.} 73. Bg4 Rb6 74. exd6 Rxd6 {Precision: White = 55%, Black = 40%.} 1/2-1/2

[Event "GCT Saint Louis Blitz 2018"]
[Site "Saint Louis"]
[Date "2018.08.14"]
[Round "11"]
[White "Aronian, Levon"]
[Black "Caruana, Fabiano"]
[Result "0-1"]
[WhiteElo "2871"]
[BlackElo "2709"]
[Annotator "TA"]
[PlyCount "120"]
[EventDate "2018.08.14"]
[EventType "tourn"]
[EventCountry "USA"]
[SourceTitle "playchess.com"]
[Source "ChessBase"]
[SourceQuality "1"]

{[%evp 21,120,27,27,0,0,0,0,0,0,-163,-147,-153,-155,-142,-142,-143,-139,-153,-158,-139,-155,-160,-163,-155,-152,-162,-165,-167,-166,-178,-159,-148,-160,-221,-220,-222,-221,-216,-205,-226,-221,-219,-218,-222,-210,-223,-221,-229,-188,-225,-203,-200,-192,-202,-202,-222,-197,-214,-200,-261,-245,-279,-287,-283,-277,-324,-301,-410,-378,-569,-509,-527,-511,-770,-679,-725,-428,-463,-329,-381,-395,-489,-495,-797,-560,-614,-600,-1068,-1056,-1062,-599,-1208,-798,-781,-776,-1187,-1152,-1168,-1145,-5533,-5558]} 1. e4 e5 2. Nf3 Nf6 3. Nxe5 d6 4. Nf3 Nxe4 5. Nc3 Nxc3 6. dxc3 Be7 7. Be3 Nc6 8. Qd2 Be6 9. O-O-O {C42: Petroff Defence: 3 Nxe5 and unusual White 3rd moves} Qd7 (9... a6 10. b3 h6 11. Be2 Qd7 12. Kb1 Bf6 13. Nd4 Nxd4 14. Bxd4 Bxd4 15. Qxd4 O-O 16. c4 Rfe8 17. Bf3 Rab8 {1-0 (41) Anand,V (2776)-Mamedyarov,S (2809) Moscow 2018}) 10. Kb1 Bf6 11. h4 O-O-O {LiveBook: 19 Games} 12. Ng5 Bf5 13. Qd5 $146 ({Predecessor:} 13. Bb5 h6 14. Bxc6 bxc6 15. Qe2 Kb7 16. Nf3 Rhe8 {0-1 (48) Saric,I (2625)-Fridman,D (2670) Germany 2012}) 13... h6 14. Ne4 Be5 {Threatens to win with ...Ne7.} 15. Bd3 $2 {[#]} (15. Bb5 $11 {and White has nothing to worry.}) 15... Be6 $1 $19 {[%cal Re6d5]} 16. Qb5 {[#]} f5 $1 $36 {[%cal Bf7f5,Bf5f4][%mdl 2080] White is under strong pressure.} 17. Nd2 f4 18. Bd4 Nxd4 19. cxd4 Qxb5 20. Bxb5 Bxd4 21. Rhe1 Bf5 22. Ne4 Bb6 23. Bd3 {intending Nxd6+!} Rhf8 24. f3 d5 25. Nc3 Bxd3 26. Rxd3 c6 27. Kc1 (27. Re7 $17) 27... Bf2 28. Rh1 Rde8 29. Kd1 Re5 30. Ne2 Rh5 31. Rf1 Bb6 32. Rh1 Bd8 33. Rd4 g5 ({But not} 33... Rxh4 34. Rxh4 Bxh4 35. Rxf4) 34. b3 Bf6 35. Rd3 Be5 36. Ke1 gxh4 37. Kf1 Rg8 38. Rd2 Kc7 39. Rh3 Bd6 40. Nc1 Bc5 41. Nd3 Be3 42. Re2 d4 43. a4 b5 44. a5 c5 45. Nb2 (45. Nf2 $142) 45... Kc6 46. Re1 a6 47. Rh1 (47. Nd1 $142 c4 48. bxc4) 47... Kd5 48. Nd3 {Strongly threatening Rxe3!} Rf8 49. Rh3 Kd6 50. Nb2 Rc8 51. Nd3 c4 {Black is clearly winning.} 52. Nb4 (52. bxc4 $142 Rxc4 53. Re2) 52... cxb3 53. cxb3 Rc3 54. Rd1 Rxb3 55. Nd3 b4 56. Ke2 Rxa5 57. Rxh4 h5 58. Nxf4 Ra2+ 59. Kf1 Rbb2 60. Nd3 Rxg2 {Precision: White = 27%, Black = 92%.} 0-1

[Event "GCT Saint Louis Blitz 2018"]
[Site "Saint Louis"]
[Date "2018.08.14"]
[Round "11"]
[White "Grischuk, Alexander"]
[Black "Vachier-Lagrave, Maxime"]
[Result "0-1"]
[WhiteElo "2831"]
[BlackElo "2878"]
[Annotator "TA"]
[PlyCount "144"]
[EventDate "2018.08.14"]
[EventType "tourn"]
[EventCountry "USA"]
[SourceTitle "playchess.com"]
[Source "ChessBase"]
[SourceQuality "1"]

{[%evp 21,144,15,17,22,22,11,23,0,21,0,0,0,28,14,28,27,35,37,38,38,77,73,89,83,124,109,144,104,95,102,96,95,144,137,205,66,106,110,135,144,200,193,225,222,235,224,258,261,246,-139,267,263,252,252,260,263,216,12,29,-48,-12,-43,-41,-37,-27,-47,-23,-32,-29,-44,-43,-53,-16,-46,-29,-29,-29,-29,-29,-29,-29,-29,-29,-62,-62,-50,-29,-60,-57,-69,-16,-23,-8,-51,-36,-36,-24,-31,-23,-25,-13,-23,-20,-23,-23,-23,-23,-23,-23,-23,-23,-38,-38,-38,-39,-942,-942,-684,-669,-782,-780,-435,-211,-2423,-2015]} 1. e4 c5 2. Nf3 d6 3. d4 cxd4 4. Nxd4 Nf6 5. Nc3 a6 6. Be2 e5 7. Nf3 Be7 8. Bg5 Nbd7 9. a4 {B92: Sicilian Najdorf: 6 Be2} h6 10. Be3 Ng4 11. Bc1 Ngf6 {LiveBook: 5 Games} 12. O-O Nc5 13. Nd2 Be6 14. b3 O-O {[#]} 15. Bb2 $146 Qc7 16. Bf3 Rfd8 17. Re1 Rac8 18. a5 Qc6 19. Qe2 Ncd7 20. Red1 Nf8 21. Nf1 $1 Ng6 22. g3 $1 Rc7 23. Ne3 Rdc8 24. Ncd5 Bxd5 25. exd5 Qd7 26. c4 Rb8 27. b4 b6 (27... Bf8 $16 28. h4 Re8) 28. Bc3 ({Better is} 28. axb6 $18 Rxb6 29. Bc3) 28... b5 $14 29. Rac1 Rbc8 {[%cal Rb5c4]} 30. Bd2 e4 (30... Bd8 $16 {was necessary.} 31. cxb5 e4) 31. Bg2 $18 bxc4 32. Nxc4 {Nb6 is the strong threat.} Qb5 {[%cal Rc7c4]} 33. Bf1 Nxd5 34. Qxe4 Nf6 35. Qg2 $2 (35. Qe2 $18) 35... Qh5 $2 {[%mdl 8192] [#]} (35... Rxc4 $17 {keeps the pressure on.} 36. Bxc4 Rxc4 37. Rxc4 Qxc4) 36. Ne3 $1 Rxc1 37. Rxc1 Rxc1 38. Bxc1 d5 {[#]} 39. Bxa6 $2 (39. f4 $1 $18) 39... Bxb4 40. Qf1 (40. Bb2 $11) 40... Bxa5 41. Be2 Qe5 $36 {[%mdl 2048] Black is more active.} 42. Bf3 Bb6 43. Kg2 Ne7 44. Qd3 Qe6 45. Bd2 Bxe3 46. Bxe3 Nc6 (46... Ng4 {is more complex.} 47. Bd4 Ne5 48. Bxe5 Qxe5 49. Qb5 g6) 47. Qa6 Ne5 (47... g5 {feels hotter.} 48. h4 gxh4 49. gxh4 Kh7 50. Qd3+ Kg7) 48. Qxe6 fxe6 $11 {[%mdl 4096] Endgame KBB-KNN} 49. Be2 Kf7 50. f4 Nc6 51. Bb5 Ne7 52. Kf3 Nf5 53. Bf2 Ne4 54. Bg1 g5 55. Bd3 Ned6 ({Black should try} 55... h5 $15) 56. Bc5 gxf4 57. gxf4 Kf6 58. Ba3 h5 59. Bb2+ Kg6 60. Be5 Nf7 (60... Kf7 {keeps more tension.} 61. Be2 Ne4 62. Bd3 Nd2+ 63. Kf2 Kg6) 61. Bb2 Nd8 62. Bb1 Nc6 63. Bd3 Na5 64. Ba1 Nc4 65. Bc3 Kf7 66. Ba1 Nd2+ 67. Ke2 Nb3 68. Be5 $2 {[%mdl 8192]} (68. Bb2 $15) 68... Nc1+ $19 69. Kd2 Nxd3 70. Kxd3 Kg6 71. Ke2 Nh6 (71... Nh4 $142 72. Ke3 Kf5) 72. Kf3 $2 (72. Bc3) 72... Ng4 {Precision: White = 40%, Black = 36%.} 0-1

[Event "GCT Saint Louis Blitz 2018"]
[Site "Saint Louis"]
[Date "2018.08.14"]
[Round "11"]
[White "Anand, Viswanathan"]
[Black "Karjakin, Sergey"]
[Result "1/2-1/2"]
[WhiteElo "2812"]
[BlackElo "2898"]
[Annotator "TA"]
[PlyCount "81"]
[EventDate "2018.08.14"]
[EventType "tourn"]
[EventCountry "USA"]
[SourceTitle "playchess.com"]
[Source "ChessBase"]
[SourceQuality "1"]

{[%evp 18,81,23,16,19,15,22,19,16,20,12,21,27,2,0,15,47,28,35,0,0,9,43,0,0,0,0,-6,0,-10,-12,-8,-16,-15,-13,-36,31,22,26,4,4,4,4,11,9,0,0,0,0,0,0,0,0,0,0,0,0,0,0,0,0,0,0,0,0,0]} 1. e4 c5 2. Nf3 d6 3. d4 cxd4 4. Nxd4 Nf6 5. Nc3 a6 6. h3 e5 7. Nf3 Be7 8. Bc4 O-O 9. O-O Nc6 10. Bg5 Be6 {B90: Sicilian Najdorf: Unusual White 6th moves, 6 Be3 Ng4 and 6 Be3 e5} 11. Bb3 Na5 (11... Kh8 12. Qd2 Nh5 13. Bxe7 Qxe7 14. Rad1 Rad8 15. Nd5 Bxd5 16. Bxd5 Nf4 17. g3 Nxd5 18. Qxd5 {0-1 (75) Durarbayli,V (2392)-Mamedov,R (2583) Baku 2008}) 12. Bxf6 Bxf6 13. Qd3 Nxb3 14. axb3 Rc8 15. Rfd1 Rc6 16. Nd5 $146 Bg5 17. c4 f5 18. Nc3 Be7 19. Nd2 Qe8 20. Nd5 Bd8 21. exf5 Bxf5 22. Ne4 Qg6 23. Ndc3 Bb6 {next ...Bd4 is good for Black.} 24. Rd2 Bd4 {[#] Strongly threatening ...Bxc3.} 25. Re1 Rc7 26. Qg3 Qe6 ({Black should play} 26... Bxe4 $15 27. Nxe4 Qxg3 28. Nxg3 b5) 27. Nd5 $14 Rd7 $1 28. Rxd4 exd4 {[#]The position is equal.} 29. Nef6+ $1 {[%mdl 512]} Rxf6 30. Rxe6 Rxe6 31. Qf4 Be4 $1 32. Qg4 Bxd5 $1 33. cxd5 $11 {[%mdl 4096] Endgame KQ-KRR} Re1+ 34. Kh2 d3 {White must now prevent ...d2.} 35. Qxd7 {KQ-KR} d2 36. Qc8+ Kf7 37. Qf5+ Ke8 (37... Kg8 $5 38. Qc8+ $8 Kf7 39. Qc7+ Ke8 40. Qc8+ Kf7 $11) 38. Qc8+ Ke7 39. Qc7+ Ke8 40. Qc8+ Kf7 41. Qf5+ {Precision: White = 70%, Black = 66%.} 1/2-1/2